| 000 | 00890nam a2200325Ia 4500 | ||
|---|---|---|---|
| 005 | 20250115124453.0 | ||
| 008 | 008 250103s9999 xx 000 0 eng d | ||
| 020 | _a9788183330084 | ||
| 037 | _aTextbook | ||
| 040 |
_aCSL _beng |
||
| 040 | _cCSL | ||
| 041 | _2eng | ||
| 041 | _aeng | ||
| 084 | _aD65, 8(B)3 P8 | ||
| 084 | _qCSL | ||
| 100 |
_aKumar, K Udaya. _9732276 |
||
| 245 | 0 | _a8085 microprocessor: Architecture programming and interfacing | |
| 245 | 0 | _cKumar, K Udaya ; Umashankar, B S | |
| 260 | _a Delhi India | ||
| 260 | _bPearson | ||
| 260 | _c2008 | ||
| 300 | _aix,610p. ill. | ||
| 650 |
_aChip select logic _9732277 |
||
| 650 |
_aDma controller _9732278 |
||
| 650 |
_aMicrocontroller _9732279 |
||
| 650 |
_aSupport chips _9732280 |
||
| 700 |
_aUmashankar, B S _9732281 |
||
| 942 |
_cTB _hD65, 8(B)3 P8 |
||
| 999 |
_c1236978 _d1236978 |
||